Entry Nombre personal
001 - NÚMERO DE CONTROL
- campo de control: 138357
003 - IDENTIFICADOR DE NÚMERO DE CONTROL
- campo de control: SpMaBN
005 - FECHA Y HORA DE LA ÚLTIMA TRANSACCIÓN
- campo de control: 20230621221804.0
008 - ELEMENTOS DE DATO DE LONGITUD-FIJA
- campo de control de longitud fija: 070918n| aijnnaabn |n aac
016 ## - NÚMERO DE CONTROL DE UNA AGENCIA BIBLIOGRÁFICA NACIONAL
- Número de control del registro: BNE20071938359
040 ## - FUENTE DE CATALOGACIÓN
- Centro catalogador/agencia de origen: SpMaBN
- Lengua de catalogación: spa
- Centro/agencia transcriptor: SpMaBN
- Normas de descripción: rdc
- Convención/Normas de encabezamiento de materia/tesauro: embne
- Centro/agencia modificador: ES-MaACL
100 1# - ENCABEZAMIENTO-NOMBRE DE PERSONA
- Nombre de persona: Acero Yus, Francisco,
375 ## - GÉNERO/SEXO
- Género: Masculino
670 ## - FUENTE DE DATOS ENCONTRADOS
- Cita de la fuente: WWW Bn España aut., 21-6-2023;
- Información encontrada: (Acero Yus, Francisco)
955 ## - CATALOGADOR - EDICIÓN
- Nombre del catalogador: Julia Mas Vieira
